地理の統計TOP5〜10 原油編 - Statistics

General Stats
  • This quiz has been taken 43 times
  • The average score is 16 of 32
Answer Stats
Hint 世界計 順位 Answer % Correct
2 サウジアラビア
76%
日本の原油輸入先 15661万kL 1 サウジアラビア
76%
2 ロシア
72%
3 サウジアラビア
72%
原油埋蔵量 2444億t 1 ベネズエラ
69%
原油生産量 27950万t 1 アメリカ
69%
2 アメリカ
69%
2 アラブ首長国連邦
69%
原油輸出量 20.6億t 1 サウジアラビア
66%
原油輸入量 21.4億t 1 中国
66%
3 インド
62%
2 ロシア
59%
5 日本
55%
3 クウェート
52%
4 中国
45%
4 カタール
45%
4 イラン
41%
8 アラブ首長国連邦
41%
3 イラク
41%
4 アメリカ
41%
3 カナダ
38%
6 カナダ
38%
9 クウェート
38%
10 イラン
38%
6 アラブ首長国連邦
38%
4 韓国
38%
5 イラク
34%
5 カナダ
34%
5 イラク
31%
7 ブラジル
28%
6 ロシア
28%
5 エクアドル
21%
No matching quizzes found
Score Distribution
Percent of People with Each Score
Percentile by Number Answered
Your Score History
You have not taken this quiz